<?xml version="1.0" encoding="UTF-8"?><?xml-stylesheet type="text/xsl" href="static/style.xsl"?><OAI-PMH xmlns="http://www.openarchives.org/OAI/2.0/" xmlns:xsi="http://www.w3.org/2001/XMLSchema-instance" xsi:schemaLocation="http://www.openarchives.org/OAI/2.0/ http://www.openarchives.org/OAI/2.0/OAI-PMH.xsd"><responseDate>2026-04-27T03:42:39Z</responseDate><request verb="GetRecord" identifier="oai:repisalud.isciii.es:20.500.12105/10107" metadataPrefix="marc">https://repisalud.isciii.es/rest/oai/request</request><GetRecord><record><header><identifier>oai:repisalud.isciii.es:20.500.12105/10107</identifier><datestamp>2025-06-23T17:42:37Z</datestamp><setSpec>com_20.500.12105_2052</setSpec><setSpec>com_20.500.12105_2051</setSpec><setSpec>col_20.500.12105_19608</setSpec></header><metadata><record xmlns="http://www.loc.gov/MARC21/slim" xmlns:dcterms="http://purl.org/dc/terms/" xmlns:doc="http://www.lyncode.com/xoai" xmlns:xsi="http://www.w3.org/2001/XMLSchema-instance" xsi:schemaLocation="http://www.loc.gov/MARC21/slim http://www.loc.gov/standards/marcxml/schema/MARC21slim.xsd">
   <leader>00925njm 22002777a 4500</leader>
   <datafield ind2=" " ind1=" " tag="042">
      <subfield code="a">dc</subfield>
   </datafield>
   <datafield ind2=" " ind1=" " tag="720">
      <subfield code="a">Pallares, Susana</subfield>
      <subfield code="e">author</subfield>
   </datafield>
   <datafield ind2=" " ind1=" " tag="720">
      <subfield code="a">Gómez, Eva Trinidad</subfield>
      <subfield code="e">author</subfield>
   </datafield>
   <datafield ind2=" " ind1=" " tag="720">
      <subfield code="a">Martínez, África</subfield>
      <subfield code="e">author</subfield>
   </datafield>
   <datafield ind2=" " ind1=" " tag="720">
      <subfield code="a">Miguel Jordán, Manuel</subfield>
      <subfield code="e">author</subfield>
   </datafield>
   <datafield ind2=" " ind1=" " tag="260">
      <subfield code="c">2020-05-03</subfield>
   </datafield>
   <datafield ind2=" " ind1=" " tag="520">
      <subfield code="a">This paper focuses on a study of fine (less than 2.5 µm) airborne particles collected inside seven primary schools located on a coastal Mediterranean area which has a significant industrial hub for the processing of clays and other minerals as raw materials. Of the seven schools, three are located in an urban area 20 km away from the main industrial hub, three are in a town located next to the industrial estate, and one is in a rural location, 30 km from the industrial area. The objective of this study is to identify the main types of particles found in the three examined environments. The particle matter identified in the fine particle samples is grouped into three main groups: mineral compounds, particles from combustion processes and phases emitted in high-temperature industrial processes. The mineral particles, which can come from natural or anthropogenic emissions, have been classified depending on their morphology as isometric allotriomorphs or subidiomorphs, with a tabular habit; acicular forms; or pure crystalline forms. Compounds from combustion processes have two types of morphologies: spheroid and dendritic soot particles. Additionally, in smaller quantities, spherical particles associated with high-temperature industrial processes, such as the emissions of ceramic tile-firing and frit-melting processes, are identified. A summary table is shown, which lists the characteristics, as well as the most significant origin of the main particles identified in the fine (&lt;2.5 μm) airborne particles collected inside primary schools located in three different environments (urban, industrial and rural). A visual scale has been established based on the number of particles observed in the samples of the atmospheric particulate fraction between the sizes of 2.5 and 10 µm collected inside the schools. The ratios Ca/Si, S/Si, S/Ca and (Si+Ca)/S have been established. Results obtained may be useful in epidemiological studies in the ceramic cluster area in order to estimate children's exposure to different indoor primary school microenvironments. Effective policies and mitigation measurements for the protection of children's health should be carried out in this highly industrialized area.</subfield>
   </datafield>
   <datafield ind1="8" ind2=" " tag="024">
      <subfield code="a">Int J Environ Res Public Health. 2020 May 3;17(9). pii: E3183.</subfield>
   </datafield>
   <datafield ind1="8" ind2=" " tag="024">
      <subfield code="a">1660-4601</subfield>
   </datafield>
   <datafield ind1="8" ind2=" " tag="024">
      <subfield code="a">http://hdl.handle.net/20.500.12105/10107</subfield>
   </datafield>
   <datafield ind1="8" ind2=" " tag="024">
      <subfield code="a">32375236</subfield>
   </datafield>
   <datafield ind1="8" ind2=" " tag="024">
      <subfield code="a">10.3390/ijerph17093183</subfield>
   </datafield>
   <datafield ind1="8" ind2=" " tag="024">
      <subfield code="a">1660-4601</subfield>
   </datafield>
   <datafield ind1="8" ind2=" " tag="024">
      <subfield code="a">International journal of environmental research and public health</subfield>
   </datafield>
   <datafield tag="653" ind2=" " ind1=" ">
      <subfield code="a">Carbonaceous particles</subfield>
   </datafield>
   <datafield tag="653" ind2=" " ind1=" ">
      <subfield code="a">Ceramic cluster</subfield>
   </datafield>
   <datafield tag="653" ind2=" " ind1=" ">
      <subfield code="a">Indoor airborne fine particles</subfield>
   </datafield>
   <datafield tag="653" ind2=" " ind1=" ">
      <subfield code="a">Mineral particles</subfield>
   </datafield>
   <datafield tag="653" ind2=" " ind1=" ">
      <subfield code="a">Primary schools</subfield>
   </datafield>
   <datafield tag="653" ind2=" " ind1=" ">
      <subfield code="a">Spherical particles</subfield>
   </datafield>
   <datafield ind2="0" ind1="0" tag="245">
      <subfield code="a">Morphological Characterization of Indoor Airborne Particles in Seven Primary Schools</subfield>
   </datafield>
</record></metadata></record></GetRecord></OAI-PMH>